[Gisela Borchers: Vom Domänenamt Schöneck zur Domäne Pogutken 1772 bis 1920: ein Abschnitt preußischer Agrargeschichte]
| Titel: | [Gisela Borchers: Vom Domänenamt Schöneck zur Domäne Pogutken 1772 bis 1920: ein Abschnitt preußischer Agrargeschichte] / Wulf D. Wagner |
|---|---|
| Verfasser: | |
| In: |
Preußenland, Band 14 (2023), Seite 335-338 alle Artikel anzeigen |
| Veröffentlicht: | 2023 |
| Format: | Aufsatz |
| Sprache: | Deutsch |
X
alg: 52131766 001A $03025:10-09-24 001B $01999:10-09-24 $t22:44:47.000 001D $03025:10-09-24 001U $0utf8 001X $00 002@ $0Aou 002C $aText $btxt $2rdacontent 002D $aohne Hilfsmittel zu benutzen $bn $2rdamedia 002E $aBand $bnc $2rdacarrier 003@ $0521317665 007A $0521317665 $aHEB 010@ $ager 010E $erda 011@ $a2023 013D $#Newspapers Sections, columns, etc. Reviews $#Book reviewing $#Journaux Cahiers, chroniques, etc. Comptes rendus $#Livres Recension $#Rezension $#Buchbesprechung $#Buchrezension $#Buchkritik $74049712-4 $8Rezension [Ts1] $9085138568 021A $a[Gisela Borchers: Vom Domänenamt Schöneck zur Domäne Pogutken 1772 bis 1920: ein Abschnitt preußischer Agrargeschichte] $hWulf D. Wagner 028A $BVerfasser $#Wagner, Wulf D. $#Wagner, Wulf $4aut $7123000211 $8Wagner, Wulf Dietrich$Z1969- [Tp1] $9154028673 031A $d14 $h335-338 $j2023 039B $aEnthalten in $8--Abvc--. Preußenland. - Osnabrück : Fibre-Verl., 1963-. - ISSN 0032-7972 $x202300000140000665 $9047115017 039T $aRezension von $8--Aax--Borchers, Gisela$Z1942- [Tp3]. Vom Domänenamt Schöneck zur Domäne Pogutken 1772 bis 1920. - Berlin : Duncker & Humblot, [2022]. - 192 Seiten. - Illustrationen. - ISBN 978-3-428-18615-0 $949961450X 045H $a630.943820903 $eDDC23BSB 045H/01 $a630.9 045H/03 $f0903 045H/03 $f0904 045H/03 $g4382 045T $a8,1 lok: 52131766 78 exp: 52131766 78 1 #EPN 201B/01 $010-09-24 $t17:38:30.000 201C/01 $010-09-24 201U/01 $0utf8 203@/01 $01272894290 208@/01 $a10-09-24 $be 209A/01 $a/ $f000 $x00 209A/01 $ab*p $x01 220C/01 $akoe 247C/01 $82080>Marburg/Lahn, Herder-Institut, Forschungsbibliothek, Bibliographieportal $9336309341
| LEADER | 00000caa a2200000 c 4500 | ||
|---|---|---|---|
| 001 | 521317665 | ||
| 003 | DE-603 | ||
| 005 | 20240910224447.0 | ||
| 007 | tu | ||
| 008 | 240910s2023 xx |||| | u00||u|ger c | ||
| 035 | |a (DE-599)HEB521317665 | ||
| 040 | |a DE-603 |b ger |c DE-603 |d DE-603 |e rda | ||
| 041 | |a ger | ||
| 083 | 0 | |8 1\u |a 630.943820903 |q DE-101 |2 23/BSB | |
| 084 | |a 8,1 |2 ssgn | ||
| 085 | |8 1\u |b 630.9 | ||
| 085 | |8 1\u |z 1 |s 0903 | ||
| 085 | |8 1\u |z 1 |s 0904 | ||
| 085 | |8 1\u |z 2 |s 4382 | ||
| 100 | 1 | |a Wagner, Wulf Dietrich |d 1969- |e Verfasser |4 aut |0 (DE-603)154028673 |0 (DE-588)123000211 |2 gnd | |
| 245 | 0 | 0 | |a [Gisela Borchers: Vom Domänenamt Schöneck zur Domäne Pogutken 1772 bis 1920: ein Abschnitt preußischer Agrargeschichte] |c Wulf D. Wagner |
| 264 | 0 | |c 2023 | |
| 336 | |a Text |b txt |2 rdacontent | ||
| 337 | |a ohne Hilfsmittel zu benutzen |b n |2 rdamedia | ||
| 338 | |a Band |b nc |2 rdacarrier | ||
| 655 | 7 | |a Rezension |2 gnd-content |0 (DE-588)4049712-4 |0 (DE-603)085138568 | |
| 773 | 0 | 8 | |i Enthalten in |t Preußenland |d Osnabrück : Fibre-Verl., 1963- |h 24 cm |x 0032-7972 |g Band 14 (2023), Seite 335-338 |w (DE-603)047115017 |w (DE-600)123737-8 |
| 787 | 0 | 8 | |i Rezension von |a Borchers, Gisela, 1942- |t Vom Domänenamt Schöneck zur Domäne Pogutken 1772 bis 1920 |d Berlin : Duncker & Humblot, [2022] |h 192 Seiten, Illustrationen |z 9783428186150 |z 342818615X |w (DE-603)49961450X |
| 924 | 0 | |9 2080 |a (DE-603)1272894290 |b DE-2080 |c HES |d d |g / | |


